00526nam a2200145 a 450000500170000000800410001702000180005805000250007610000240010124501180012526000490024330000340029252100070032665000470033320140310183415.0070914s19uu xx 00 eng d a1-86470-121-8 aTR 140 b.Sch39 2005 aSchwartzman, Arnold aA persistence of vision :bArnold Schwartzman profiles his work in graphic design and film./cArnold Schwartzman. aAustralia :bImages Publishing Group,c2005. a127 p. :bill. col. ;c24 cm. aMA aMotion picturesxProduction and direction.